Sofia Bassi (Record no. 9137)

MARC details
000 -CABECERA
campo de control de longitud fija 00918nam a2200265 a 4500
001 - NÚMERO DE CONTROL
campo de control BRL_324
005 - FECHA Y HORA DE LA ÚLTIMA TRANSACCIÓN
campo de control 20190320210702.0
008 - DATOS DE LONGITUD FIJA--INFORMACIÓN GENERAL
campo de control de longitud fija 290713s1974----mx-ao#####---#000-0#spa-#
041 ## - CÓDIGO DE LENGUA
Código de lengua del texto/banda sonora o título independiente spa
044 ## - CÓDIGO DEL PAÍS DE LA ENTIDAD EDITORA/PRODUCTORA
Código MARC del país mx
050 #4 - SIGNATURA TOPOGRÁFICA DE LA BIBLIOTECA DEL CONGRESO
Número de clasificación ND255.B3
Número de documento/Ítem .S64 1974
245 10 - MENCIÓN DE TÍTULO
Título Sofia Bassi
Mención de responsabilidad, etc. domy y dirección artística René Alis ; fotografía de color Crispín Vázquez ; traducciones Ursula Kühl Versen.
260 ## - PUBLICACIÓN, DISTRIBUCIÓN, ETC.
Lugar de publicación, distribución, etc. México
Nombre del editor, distribuidor, etc. Artes de México
Fecha de publicación, distribución, etc. 1974
300 ## - DESCRIPCIÓN FÍSICA
Extensión 113 p.
Otras características físicas il. (algunas a color), 1 h. plegable
Dimensiones 30 cm.
500 ## - NOTA GENERAL
Nota general Incluye dedicatoria de la autora para Ruth Lechuga
500 ## - NOTA GENERAL
Nota general Au2311
546 ## - NOTA DE LENGUA/LENGUAJE
Nota de lengua/lenguaje Texto en : español, inglés, francés, italiano y alemán
600 14 - PUNTO DE ACCESO ADICIONAL DE MATERIA--NOMBRE DE PERSONA
Nombre de persona Bassi, Sofia
Fechas asociadas al nombre 1913-1998
9 (RLIN) 23549
650 14 - PUNTO DE ACCESO ADICIONAL DE MATERIA--TÉRMINO DE MATERIA
Término de materia o nombre geográfico como elemento de entrada Pintura mexicana
9 (RLIN) 3715
700 1# - PUNTO DE ACCESO ADICIONAL--NOMBRE DE PERSONA
Nombre de persona Alis, René
9 (RLIN) 23550
700 1# - PUNTO DE ACCESO ADICIONAL--NOMBRE DE PERSONA
Nombre de persona Vázquez, Crispín
Término indicativo de función/relación il.
9 (RLIN) 23551
700 1# - PUNTO DE ACCESO ADICIONAL--NOMBRE DE PERSONA
Nombre de persona Kühl Versen, Ursula
Término indicativo de función/relación tr.
9 (RLIN) 23552
902 ## - CATALOGADOR
Iniciales GRL
942 ## - ELEMENTOS DE PUNTO DE ACCESO ADICIONAL (KOHA)
Fuente del sistema de clasificación o colocación Library of Congress Classification
Tipo de ítem Koha Libros
Holdings
Estado de retiro Estado de pérdida Estado dañado No para préstamo Localización permanente Ubicación/localización actual Fecha de adquisición Número de inventario Total de préstamos Signatura topográfica completa Código de barras Fecha visto por última vez Precio válido a partir de Tipo de ítem Koha
El ejemplar forma parte de la colección y puede ser consultado según las políticas vigentes.       Biblioteca Centro de Estudios Ruth D. Lechuga Biblioteca Centro de Estudios Ruth D. Lechuga 29/07/2013 Au2311   ND255.B3 .S64 1974 (Au2311) GRL00341 22/03/2019 22/03/2019 Libros